[Event "POL-chT 2 Liga 2019"]
[Site "Poronin"]
[Date "2019.09.07"]
[Round "1.1"]
[White "Psyk, Radoslaw"]
[Black "Pakleza, Zbigniew"]
[Result "0-1"]
[WhiteElo "2314"]
[BlackElo "2491"]
[Annotator "TA"]
[PlyCount "60"]
[EventDate "2019.09.07"]
[EventType "team-tourn"]
[EventCountry "POL"]
[SourceTitle "playchess.com"]
[Source "ChessBase"]
[SourceQuality "1"]

{[%evp 19,118,25,18,34,60,0,8,0,0,0,0,0,0,0,0,0,0,0,7,-7,0,-41,10,0,5,0,9,5,27,26,50,0,0,0,0,0,0,0,0,0,0,0,17,0,0,0,99,-295,-306,-296,-310,-281,-298,-283,-310,-281,-307,-308,-305,-327,-312,-343,-340,-337,-284,-253,-216,-189,-45,-274,-212,-239,-97,-197,-45,-45,-45,-212,-217,-209,-202,-251,-264,-504,-547,-818,-766,-2127,-1273,-1264,-1253,-1047,-1036,-1867,-1845,-5273,-5035,-6183,-5306,-29988,-29988]} 1. e4 d6 2. d4 Nf6 3. Nc3 Nbd7 4. Nf3 e5 5. Bc4 Be7 6. O-O O-O 7. Re1 c6 8. a4 a5 9. Ba2 h6 10. h3 Re8 11. Be3 {C41: Philidor Defence} Qc7 (11... exd4 12. Bxd4 Nf8 13. Qd3 Be6 14. Bxe6 Nxe6 15. Be3 Nd7 16. Nd4 Nec5 17. Qd2 Bf8 18. Nf5 Qf6 {½-½ (28) Brkic,A (2560)-Kadric,D (2542) Sarajevo 2019}) 12. dxe5 ({White should play} 12. Qe2 $14) 12... dxe5 $11 13. Nd2 {The position is equal.} Nc5 14. Qf3 $146 ({Predecessor:} 14. Qe2 Ne6 15. Qf3 Ng5 16. Qe2 Bb4 17. Bxg5 hxg5 18. Qe3 g4 19. hxg4 Bxg4 20. f3 Qe7 21. Kf1 Bc5 22. Qg5 Be6 23. Qxe5 Rad8 24. Bxe6 Rxd2 25. Bxf7+ Kxf7 {0-1 (25) Froewis,A (1968)-Moser,E (2440) Vienna 2010}) 14... Be6 15. Ne2 Nfd7 16. Ng3 Bxa2 17. Rxa2 Ne6 18. Nf5 Bf8 19. h4 Ndc5 20. Nf1 f6 (20... Kh7 $15) 21. h5 Qf7 22. Raa1 Rad8 23. N1g3 Nd4 24. Qg4 Kh8 25. Bxd4 exd4 26. Nh4 d3 27. Ng6+ Kh7 28. cxd3 Nxd3 29. Re2 Bc5 30. Rf1 Bd4 {Played: Rd8-d4} 0-1

[Event "POL-chT 2 Liga 2019"]
[Site "Poronin"]
[Date "2019.09.07"]
[Round "1.2"]
[White "Jakubiec, Artur"]
[Black "Zochowski, Kacper"]
[Result "0-1"]
[WhiteElo "2472"]
[BlackElo "2267"]
[Annotator "TA"]
[PlyCount "74"]
[EventDate "2019.09.07"]
[EventType "team-tourn"]
[EventCountry "POL"]
[SourceTitle "playchess.com"]
[Source "ChessBase"]
[SourceQuality "1"]

{[%evp 9,74,9,34,36,38,21,33,29,41,23,39,37,44,0,-9,-52,0,-15,26,24,20,58,32,-18,57,18,178,15,19,23,0,0,0,-150,-148,-122,22,-182,-202,-181,-71,-231,-241,-325,-148,-325,-123,-258,-36,-72,-85,-541,-552,-530,-527,-529,-523,-822,-843,-813,-813,-1111,-1040,-29975,-29978,-29998,-29999]} 1. e4 d6 2. d4 Nf6 3. Nc3 e5 4. Nf3 Nbd7 5. Rg1 g6 6. g4 {C41: Philidor Defence} Bg7 7. g5 Nh5 8. Be3 {White is slightly better.} O-O 9. Qd2 c6 10. O-O-O Qc7 11. d5 $146 (11. dxe5 $14 dxe5 12. Kb1) ({Predecessor:} 11. Be2 Re8 12. Ne1 exd4 13. Bxd4 Bxd4 14. Qxd4 {0-1 (50) Perez Nunez,S (2141)-Kunin,V (2592) Barcelona 2016}) 11... c5 $1 $11 12. Nh4 Nf4 (12... a6 $1 $15) 13. Kb1 (13. Nb5 $5 {[%cal Rb5c7]} Qb6 14. c3 $11 (14. Bxf4 exf4 15. Qxf4 Ne5 $15)) 13... Re8 14. Nf5 gxf5 15. exf5 f6 16. Ne4 {And now gxf6 would win.} Kh8 (16... fxg5 $11 17. Nxg5 Nf6) 17. h4 Nb6 $2 (17... Rf8 $11 {and Black stays safe.}) 18. Bxf4 $2 (18. gxf6 $18 Bh6 19. Ng5 Bxg5 20. hxg5 Bxf5 21. Bxf4 exf4 22. g6) 18... exf4 19. gxf6 Rxe4 20. fxg7+ Kg8 {White must now prevent ...Qf7.} 21. f6 ({White must play} 21. Bd3 $1 $11 Bxf5 22. Bxe4 Bxe4 23. Qxf4) 21... Bf5 $17 22. Rg5 {[#]} Rd4 (22... Qd7 $1 $17) 23. Rxf5 $2 (23. Qe1 $1 $11 Re4 24. Qd2 (24. Rxf5 Rxe1 25. Rxe1 Qf7 $11)) 23... Rxd2 $19 24. Rxd2 {[#]} Re8 (24... Qf7 $1 $19 {...Nd7 is the strong threat.} 25. Kc1 Nd7) 25. Rd1 $2 (25. Kc1 $17 {only move.}) 25... Qf7 26. Bb5 Re4 (26... Re5 $19 {and Black stays clearly on top.} 27. Rxf4 Nxd5) 27. f3 $2 (27. a4 $17) 27... Re3 $2 (27... Re5 $19 {has better winning chances.} 28. Rxf4 a6) 28. Rxf4 (28. a4 $17) 28... c4 $2 $40 {[%mdl 128] White needs to defend precisely.} ({Don't do} 28... Nxd5 29. Bc4 $17) ({Black should play} 28... Re5 $19 {aiming for ...a6.} 29. a3 Rxd5) 29. a4 $1 $15 a6 30. Bxc4 $2 {[%mdl 8192]} (30. a5 $17) 30... Nxc4 $19 31. Rxc4 Qxf6 32. Rg1 {White wants to mate with Rc8+.} Re8 33. f4 Qxh4 34. Ka2 Qf2 35. Rg5 b5 36. Rc6 Qxf4 {[%mdl 64] Double Attack} 37. Rh5 Qxa4+ {Accuracy: White = 19%, Black = 28%.} 0-1

[Event "POL-chT 2 Liga 2019"]
[Site "Poronin"]
[Date "2019.09.07"]
[Round "1.3"]
[White "Wisniewski, Michal"]
[Black "Tymrakiewicz, Rafal"]
[Result "1-0"]
[WhiteElo "2130"]
[BlackElo "2257"]
[Annotator "ChessBase"]
[PlyCount "117"]
[EventDate "2019.09.07"]
[EventType "team-tourn"]
[EventCountry "POL"]
[SourceTitle "playchess.com"]
[Source "ChessBase"]
[SourceQuality "1"]
[TimeControl "40/5400+30:1800+30"]

1. Nf3 {[%emt 0:01:23]} Nf6 {[%emt 0:02:29]} 2. c4 {[%emt 0:00:08]} d6 {[%emt 0:03:01]} 3. g3 {[%emt 0:02:19]} g6 {[%emt 0:02:46]} 4. Bg2 {[%emt 0:00:20]} Bg7 {[%emt 0:00:05]} 5. O-O {[%emt 0:00:06]} O-O {[%emt 0:00:25]} 6. Nc3 {[%emt 0:00:05]} e5 {[%emt 0:05:10]} 7. d3 {[%emt 0:00:05]} Nh5 {[%emt 0:03:58]} 8. Rb1 {[%emt 0:13:14]} f5 {[%emt 0:08:24]} 9. Qb3 {[%emt 0:00:10]} Kh8 {[%emt 0:10:51]} 10. c5 {[%emt 0:01:07]} c6 {[%emt 0:18:41]} 11. cxd6 {[%emt 0:07:25]} Qxd6 {[%emt 0:00:23]} 12. Nd2 {[%emt 0:02:13]} Na6 {[%emt 0:08:39]} 13. Nc4 {[%emt 0:04:18]} Qe7 {[%emt 0:00:13]} 14. Bd2 {[%emt 0:03:21]} Be6 {[%emt 0:02:55]} 15. Qa3 {[%emt 0:00:25]} Qd7 {[%emt 0:05:44]} 16. Rfd1 {[%emt 0:05:19]} Nc7 {[%emt 0:05:02]} 17. b4 {[%emt 0:04:52]} h6 {[%emt 0:06:47]} 18. Qc1 {[%emt 0:06:48]} Kh7 {[%emt 0:03:52]} 19. Na4 {[%emt 0:00:11]} Na6 {[%emt 0:05:44]} 20. Nc5 {[%emt 0:00:27]} Nxc5 {[%emt 0:00:04]} 21. bxc5 {[%emt 0:00:05]} Bd5 {[%emt 0:04:31]} 22. e4 {[%emt 0:05:42]} Bxc4 {[%emt 0:00:11]} 23. dxc4 {[%emt 0:00:24]} Qe7 {[%emt 0:00:58]} 24. exf5 {[%emt 0:00:13]} gxf5 {[%emt 0:00:13]} 25. Bc3 {[%emt 0:02:52]} Rf7 {[%emt 0:00:20]} 26. Rd6 {[%emt 0:00:18]} Raf8 {[%emt 0:00:57]} 27. Qc2 {[%emt 0:05:21]} e4 {[%emt 0:00:22]} 28. f3 {[%emt 0:01:54]} exf3 {[%emt 0:00:42]} 29. Re1 {[%emt 0:00:57]} Qg5 {[%emt 0:00:16]} 30. Bxf3 {[%emt 0:00:32]} Nxg3 {[%emt 0:00:44]} 31. Bd2 {[%emt 0:00:34]} Qh4 {[%emt 0:00:21]} 32. hxg3 {[%emt 0:00:22]} Qxg3+ {[%emt 0:00:22]} 33. Bg2 {[%emt 0:00:04]} Rf6 {[%emt 0:00:39]} 34. Qd3 {[%emt 0:01:39]} Qh4 {[%emt 0:00:17]} 35. Re7 {[%emt 0:04:01]} R8f7 {[%emt 0:00:47]} 36. Rxf7 {[%emt 0:00:32]} Rxf7 {[%emt 0:00:13]} 37. Qh3 {[%emt 0:01:03]} Bd4+ {[%emt 0:00:20]} 38. Kh1 {[%emt 0:00:16]} Qxh3+ {[%emt 0:00:10]} 39. Bxh3 {[%emt 0:00:01]} Bxc5 {[%emt 0:00:14]} 40. Rxh6+ {[%emt 0:00:00]} Kg7 {[%emt 0:00:00]} 41. Re6 {[%emt 0:00:14]} Bd4 {[%emt 0:02:25]} 42. Kg2 {[%emt 0:01:15]} Bf6 {[%emt 0:07:20]} 43. Bxf5 {[%emt 0:02:16]} Rf8 {[%emt 0:01:23]} 44. Rd6 {[%emt 0:02:11]} Rd8 {[%emt 0:01:17]} 45. Rxd8 {[%emt 0:00:13]} Bxd8 {[%emt 0:00:02]} 46. Bc8 {[%emt 0:00:25]} b5 {[%emt 0:02:23]} 47. c5 {[%emt 0:00:04]} Be7 {[%emt 0:00:22]} 48. Be3 {[%emt 0:00:04]} Kf6 {[%emt 0:00:51]} 49. Bd7 {[%emt 0:00:04]} Ke5 {[%emt 0:00:29]} 50. Bxc6 {[%emt 0:00:02]} b4 {[%emt 0:00:04]} 51. Kf3 {[%emt 0:00:05]} a5 {[%emt 0:00:33]} 52. Ke2 {[%emt 0:00:26]} Bh4 {[%emt 0:03:31]} 53. Kd3 {[%emt 0:00:07]} Be1 {[%emt 0:00:05]} 54. Bd4+ {[%emt 0:00:21]} Ke6 {[%emt 0:00:09]} 55. Kc4 {[%emt 0:00:04]} Bd2 {[%emt 0:00:11]} 56. Bd5+ {[%emt 0:00:26]} Kd7 {[%emt 0:00:02]} 57. Be5 {[%emt 0:00:11]} a4 {[%emt 0:01:30]} 58. c6+ {[%emt 0:00:05]} Ke7 {[%emt 0:01:17]} 59. c7 {[%emt 0:00:04]} 1-0

[Event "POL-chT 2 Liga 2019"]
[Site "Poronin"]
[Date "2019.09.07"]
[Round "1.4"]
[White "Szoen, Dariusz"]
[Black "Adamczewski, Maciej"]
[Result "1-0"]
[WhiteElo "2415"]
[BlackElo "2109"]
[Annotator "ChessBase"]
[PlyCount "57"]
[EventDate "2019.09.07"]
[EventType "team-tourn"]
[EventCountry "POL"]
[SourceTitle "playchess.com"]
[Source "ChessBase"]
[SourceQuality "1"]
[TimeControl "40/5400+30:1800+30"]

1. e4 {[%emt 0:01:13]} e6 {[%emt 0:00:00]} 2. d4 {[%emt 0:00:24]} d5 {[%emt 0:00:00]} 3. Nc3 {[%emt 0:00:07]} Nf6 {[%emt 0:00:07]} 4. e5 {[%emt 0:00:31]} Nfd7 {[%emt 0:00:10]} 5. f4 {[%emt 0:00:30]} c5 {[%emt 0:00:23]} 6. Nf3 {[%emt 0:00:08]} Nc6 {[%emt 0:00:24]} 7. Be3 {[%emt 0:00:26]} Be7 {[%emt 0:00:14]} 8. Qd2 {[%emt 0:00:11]} O-O {[%emt 0:00:11]} 9. O-O-O {[%emt 0:02:55]} c4 {[%emt 0:06:11]} 10. f5 {[%emt 0:03:07]} b5 {[%emt 0:00:53]} 11. g4 {[%emt 0:19:05]} b4 {[%emt 0:00:17]} 12. Ne2 {[%emt 0:01:23]} c3 {[%emt 0:15:44]} 13. Qe1 {[%emt 0:00:07]} cxb2+ {[%emt 0:01:40]} 14. Kb1 {[%emt 0:00:10]} Nb6 {[%emt 0:00:13]} 15. Nf4 {[%emt 0:07:43]} Na4 {[%emt 0:06:40]} 16. Bd2 {[%emt 0:00:59]} Qa5 {[%emt 0:01:03]} 17. f6 {[%emt 0:18:12]} Nc3+ {[%emt 0:11:28]} 18. Bxc3 {[%emt 0:00:43]} bxc3 {[%emt 0:00:03]} 19. Ne2 {[%emt 0:00:32]} Bb4 {[%emt 0:02:23]} 20. Qh4 {[%emt 0:02:32]} Re8 {[%emt 0:07:53]} 21. Ng5 {[%emt 0:03:24]} h6 {[%emt 0:00:52]} 22. Nxf7 {[%emt 0:01:32]} Qc7 {[%emt 0:14:27]} 23. Nxh6+ {[%emt 0:05:30]} gxh6 {[%emt 0:00:17]} 24. Nf4 {[%emt 0:01:58]} Bf8 {[%emt 0:07:04]} 25. Qh5 {[%emt 0:05:44]} Qf7 {[%emt 0:03:23]} 26. Bd3 {[%emt 0:00:04]} Qxh5 {[%emt 0:01:52]} 27. gxh5 {[%emt 0:00:04]} Ba3 {[%emt 0:00:12]} 28. Rhg1+ {[%emt 0:00:15]} Kf8 {[%emt 0:00:15]} 29. Rg7 {[%emt 0:00:24]} 1-0

[Event "POL-chT 2 Liga 2019"]
[Site "Poronin"]
[Date "2019.09.07"]
[Round "1.5"]
[White "Tabola, Marcin"]
[Black "Gmaj, Krzysztof"]
[Result "1/2-1/2"]
[WhiteElo "2003"]
[BlackElo "2120"]
[Annotator "ChessBase"]
[PlyCount "46"]
[EventDate "2019.09.07"]
[EventType "team-tourn"]
[EventCountry "POL"]
[SourceTitle "playchess.com"]
[Source "ChessBase"]
[SourceQuality "1"]
[TimeControl "40/5400+30:1800+30"]

1. e4 {[%emt 0:00:00]} e6 {[%emt 0:00:21]} 2. d4 {[%emt 0:00:00]} d5 {[%emt 0:00:06]} 3. Nd2 {[%emt 0:00:00]} h6 {[%emt 0:01:40]} 4. Bd3 {[%emt 0:02:20]} Nf6 {[%emt 0:00:30]} 5. Ngf3 {[%emt 0:00:18]} c5 {[%emt 0:02:13]} 6. exd5 {[%emt 0:03:15]} exd5 {[%emt 0:02:23]} 7. Qe2+ {[%emt 0:00:58]} Be7 {[%emt 0:04:29]} 8. dxc5 {[%emt 0:06:20]} O-O {[%emt 0:02:10]} 9. O-O {[%emt 0:05:22]} Bxc5 {[%emt 0:04:09]} 10. Nb3 {[%emt 0:01:09]} Re8 {[%emt 0:03:02]} 11. Qd2 {[%emt 0:03:10]} Bb6 {[%emt 0:03:35]} 12. Re1 {[%emt 0:11:41]} Ne4 {[%emt 0:17:36]} 13. Bxe4 {[%emt 0:00:44]} dxe4 {[%emt 0:01:19]} 14. Nfd4 {[%emt 0:01:05]} Nd7 {[%emt 0:03:28]} 15. Nb5 {[%emt 0:06:45]} Nf6 {[%emt 0:03:06]} 16. c4 {[%emt 0:05:38]} Qe7 {[%emt 0:09:05]} 17. Qd6 {[%emt 0:09:34]} Bd7 {[%emt 0:08:26]} 18. a4 {[%emt 0:09:24]} Be6 {[%emt 0:09:48]} 19. a5 {[%emt 0:10:02]} Bd8 {[%emt 0:01:11]} 20. N3d4 {[%emt 0:04:35]} Bxc4 {[%emt 0:01:04]} 21. Qg3 {[%emt 0:00:16]} Nh5 {[%emt 0:05:47]} 22. Qg4 {[%emt 0:01:47]} Nf6 {[%emt 0:05:47]} 23. Qg3 {[%emt 0:00:43]} Nh5 {[%emt 0:00:45]} 1/2-1/2

[Event "POL-chT 2 Liga 2019"]
[Site "Poronin"]
[Date "2019.09.07"]
[Round "1.6"]
[White "Kubicka, Anna"]
[Black "Poznanska, Katarzyna"]
[Result "1-0"]
[WhiteElo "2225"]
[BlackElo "2082"]
[Annotator "ChessBase"]
[PlyCount "41"]
[EventDate "2019.09.07"]
[EventType "team-tourn"]
[EventCountry "POL"]
[SourceTitle "playchess.com"]
[Source "ChessBase"]
[SourceQuality "1"]
[TimeControl "40/5400+30:1800+30"]

1. e4 {[%emt 0:00:00]} c5 {[%emt 0:00:00]} 2. Nf3 {[%emt 0:00:00]} e6 {[%emt 0:00:00]} 3. d4 {[%emt 0:00:00]} cxd4 {[%emt 0:00:00]} 4. Nxd4 {[%emt 0:00:00]} a6 {[%emt 0:00:00]} 5. Bd3 {[%emt 0:00:00]} Qc7 {[%emt 0:00:03]} 6. O-O {[%emt 0:00:10]} Nf6 {[%emt 0:00:10]} 7. Qe2 {[%emt 0:00:08]} d6 {[%emt 0:00:09]} 8. c4 {[%emt 0:00:10]} Be7 {[%emt 0:00:11]} 9. Nc3 {[%emt 0:00:07]} b6 {[%emt 0:00:22]} 10. Be3 {[%emt 0:00:48]} Nbd7 {[%emt 0:01:12]} 11. f4 {[%emt 0:01:57]} O-O {[%emt 0:01:29]} 12. g4 {[%emt 0:00:36]} Nc5 {[%emt 0:08:22]} 13. g5 {[%emt 0:01:44]} Nh5 {[%emt 0:47:54]} 14. Qxh5 {[%emt 0:05:11]} Nxd3 {[%emt 0:00:03]} 15. Rf3 {[%emt 0:16:41]} g6 {[%emt 0:02:31]} 16. Qh6 {[%emt 0:02:08]} f6 {[%emt 0:15:31]} 17. f5 {[%emt 0:03:38]} fxg5 {[%emt 0:14:11]} 18. fxg6 {[%emt 0:02:58]} Bf6 {[%emt 0:02:33]} 19. Rxf6 {[%emt 0:02:12]} Rxf6 {[%emt 0:00:27]} 20. gxh7+ {[%emt 0:00:07]} Qxh7 {[%emt 0:01:18]} 21. Qxf6 {[%emt 0:00:11]} 1-0

[Event "POL-chT 2 Liga 2019"]
[Site "Poronin"]
[Date "2019.09.07"]
[Round "1.7"]
[White "Stachowiak, Kamil"]
[Black "Snihur, Piotr"]
[Result "1/2-1/2"]
[WhiteElo "2444"]
[BlackElo "2232"]
[Annotator "TA"]
[PlyCount "31"]
[EventDate "2019.09.07"]
[EventType "team-tourn"]
[EventCountry "POL"]
[SourceTitle "playchess.com"]
[Source "ChessBase"]
[SourceQuality "1"]

{[%evp 12,31,54,47,50,35,70,65,93,87,83,85,122,126,124,116,124,109,106,86,109,89]} 1. Nf3 Nf6 2. c4 e6 3. g3 d5 4. Bg2 Nbd7 5. d4 dxc4 6. O-O Rb8 7. a4 a6 {E04: Open Catalan: 5 Nf3} 8. a5 b5 (8... Bd6 9. Nbd2 b5 10. axb6 Nxb6 11. Nxc4 Nxc4 12. Qa4+ Rb5 13. Qxc4 O-O 14. Rd1 {½-½ (30) Eljanov,P (2700)-Adly,A (2626) Sharjah 2018}) 9. axb6 $1 Bb7 $146 {White is slightly better.} ({Predecessor:} 9... cxb6 10. Bf4 Ra8 11. Ne5 Nd5 12. Nxc4 Bb7 13. Nd6+ Bxd6 14. Bxd6 f5 15. Nd2 {0-1 (42) Mochalov,E (2352)-Smolich,P (2310) Minsk 2015}) 10. bxc7 {White is better.} Qxc7 11. Bd2 Bd6 {[#]} 12. Ba5 $1 {[%cal Ra5c7]} Qc6 13. Nbd2 O-O 14. Qc2 Rfc8 15. Rfc1 Qb5 16. Bc3 {Accuracy: White = 82%, Black = 68%.} 1/2-1/2

[Event "POL-chT 2 Liga 2019"]
[Site "Poronin"]
[Date "2019.09.07"]
[Round "1.8"]
[White "Szadkowski, Kamil"]
[Black "Piotrowski, Przemyslaw"]
[Result "1-0"]
[WhiteElo "2245"]
[BlackElo "2293"]
[Annotator "ChessBase"]
[PlyCount "53"]
[EventDate "2019.09.07"]
[EventType "team-tourn"]
[EventCountry "POL"]
[SourceTitle "playchess.com"]
[Source "ChessBase"]
[SourceQuality "1"]
[TimeControl "40/5400+30:1800+30"]

1. e4 {[%emt 0:00:00]} c5 {[%emt 0:00:00]} 2. Nf3 {[%emt 0:00:00]} Nc6 {[%emt 0:00:03]} 3. d4 {[%emt 0:00:08]} cxd4 {[%emt 0:00:11]} 4. Nxd4 {[%emt 0:00:02]} Nf6 {[%emt 0:00:08]} 5. Nc3 {[%emt 0:00:05]} d6 {[%emt 0:00:04]} 6. Bg5 {[%emt 0:01:46]} e6 {[%emt 0:00:07]} 7. Qd2 {[%emt 0:02:30]} a6 {[%emt 0:00:41]} 8. O-O-O {[%emt 0:01:31]} Bd7 {[%emt 0:00:05]} 9. f4 {[%emt 0:01:45]} b5 {[%emt 0:00:35]} 10. Bxf6 {[%emt 0:03:03]} gxf6 {[%emt 0:00:05]} 11. Kb1 {[%emt 0:00:05]} Qb6 {[%emt 0:00:06]} 12. Nxc6 {[%emt 0:01:20]} Bxc6 {[%emt 0:00:08]} 13. f5 {[%emt 0:03:04]} Qc5 {[%emt 0:05:14]} 14. Bd3 {[%emt 0:00:55]} h5 {[%emt 0:00:23]} 15. fxe6 {[%emt 0:00:09]} fxe6 {[%emt 0:00:05]} 16. Qe1 {[%emt 0:00:03]} Qe5 {[%emt 0:00:27]} 17. Nd5 {[%emt 0:00:13]} O-O-O {[%emt 1:02:46]} 18. Qa5 {[%emt 0:01:29]} exd5 {[%emt 0:05:04]} 19. exd5 {[%emt 0:00:14]} Qxd5 {[%emt 0:16:52]} 20. c4 {[%emt 0:00:11]} Qc5 {[%emt 0:01:05]} 21. b4 {[%emt 0:19:02]} Qa7 {[%emt 0:01:17]} 22. cxb5 {[%emt 0:01:27]} Qc7 {[%emt 0:00:14]} 23. b6 {[%emt 0:04:40]} Qd7 {[%emt 0:05:14]} 24. Bf5 {[%emt 0:00:24]} Be4+ {[%emt 0:00:04]} 25. Bxe4 {[%emt 0:00:07]} Qb5 {[%emt 0:00:06]} 26. b7+ {[%emt 0:00:16]} Kd7 {[%emt 0:00:15]} 27. Bf5+ {[%emt 0:00:36]} 1-0

[Event "POL-chT 2 Liga 2019"]
[Site "Poronin"]
[Date "2019.09.07"]
[Round "1.9"]
[White "Fudalej, Michal"]
[Black "Szadkowski, Krzysztof"]
[Result "1/2-1/2"]
[WhiteElo "2235"]
[BlackElo "2138"]
[Annotator "ChessBase"]
[PlyCount "35"]
[EventDate "2019.09.07"]
[EventType "team-tourn"]
[EventCountry "POL"]
[SourceTitle "playchess.com"]
[Source "ChessBase"]
[SourceQuality "1"]
[TimeControl "40/5400+30:1800+30"]

1. Nf3 {[%emt 0:00:59]} Nf6 {[%emt 0:00:00]} 2. g3 {[%emt 0:00:02]} g6 {[%emt 0:00:00]} 3. Bg2 {[%emt 0:00:03]} Bg7 {[%emt 0:00:00]} 4. c4 {[%emt 0:00:05]} c5 {[%emt 0:00:29]} 5. Nc3 {[%emt 0:00:25]} d5 {[%emt 0:01:25]} 6. Qa4+ {[%emt 0:03:48]} Bd7 {[%emt 0:03:58]} 7. Qb3 {[%emt 0:01:54]} dxc4 {[%emt 0:12:16]} 8. Qxc4 {[%emt 0:02:03]} Qc8 {[%emt 0:00:33]} 9. d4 {[%emt 0:16:36]} cxd4 {[%emt 0:14:43]} 10. Qxc8+ {[%emt 0:00:58]} Bxc8 {[%emt 0:00:06]} 11. Nb5 {[%emt 0:00:25]} Na6 {[%emt 0:10:52]} 12. Nfxd4 {[%emt 0:00:52]} O-O {[%emt 0:02:51]} 13. Bf4 {[%emt 0:13:58]} Ne8 {[%emt 0:11:10]} 14. Bg5 {[%emt 0:04:59]} e5 {[%emt 0:03:57]} 15. Nb3 {[%emt 0:06:41]} Nac7 {[%emt 0:06:37]} 16. Nxc7 {[%emt 0:03:42]} Nxc7 {[%emt 0:00:06]} 17. Nc5 {[%emt 0:00:17]} Ne6 {[%emt 0:06:25]} 18. Nxe6 {[%emt 0:02:18]} 1/2-1/2

[Event "POL-chT 2 Liga 2019"]
[Site "Poronin"]
[Date "2019.09.07"]
[Round "1.10"]
[White "Leskiewicz, Ignacy"]
[Black "Maciol, Ryszard"]
[Result "1-0"]
[WhiteElo "2116"]
[BlackElo "2165"]
[Annotator "ChessBase"]
[PlyCount "93"]
[EventDate "2019.09.07"]
[EventType "team-tourn"]
[EventCountry "POL"]
[SourceTitle "playchess.com"]
[Source "ChessBase"]
[SourceQuality "1"]
[TimeControl "40/5400+30:1800+30"]

1. e4 {[%emt 0:00:00]} e6 {[%emt 0:00:53]} 2. d4 {[%emt 0:00:00]} d5 {[%emt 0:00:26]} 3. Nd2 {[%emt 0:00:00]} Nf6 {[%emt 0:00:19]} 4. e5 {[%emt 0:00:05]} Nfd7 {[%emt 0:00:05]} 5. c3 {[%emt 0:00:18]} c5 {[%emt 0:00:58]} 6. Bd3 {[%emt 0:00:09]} Nc6 {[%emt 0:00:20]} 7. Ne2 {[%emt 0:00:16]} cxd4 {[%emt 0:00:27]} 8. cxd4 {[%emt 0:00:03]} f6 {[%emt 0:01:49]} 9. exf6 {[%emt 0:09:42]} Nxf6 {[%emt 0:10:08]} 10. Nf3 {[%emt 0:01:52]} Bd6 {[%emt 0:00:51]} 11. O-O {[%emt 0:01:52]} Qc7 {[%emt 0:00:52]} 12. Qc2 {[%emt 0:01:38]} O-O {[%emt 0:02:31]} 13. Bg5 {[%emt 0:00:34]} h6 {[%emt 0:02:48]} 14. Bh4 {[%emt 0:00:02]} e5 {[%emt 0:05:45]} 15. dxe5 {[%emt 0:16:56]} Nxe5 {[%emt 0:00:39]} 16. Nxe5 {[%emt 0:01:14]} Qxc2 {[%emt 0:00:48]} 17. Bxc2 {[%emt 0:00:01]} Bxe5 {[%emt 0:00:07]} 18. Bb3 {[%emt 0:05:10]} Be6 {[%emt 0:12:16]} 19. Rad1 {[%emt 0:31:51]} Bxb2 {[%emt 0:06:59]} 20. Nf4 {[%emt 0:01:37]} Bf7 {[%emt 0:03:41]} 21. Nxd5 {[%emt 0:03:24]} g5 {[%emt 0:03:21]} 22. Bg3 {[%emt 0:04:21]} Nxd5 {[%emt 0:04:14]} 23. Bxd5 {[%emt 0:00:07]} Rad8 {[%emt 0:01:15]} 24. Bxf7+ {[%emt 0:05:21]} Kxf7 {[%emt 0:00:15]} 25. h4 {[%emt 0:02:47]} Bd4 {[%emt 0:02:21]} 26. Rd3 {[%emt 0:03:37]} Rd5 {[%emt 0:04:17]} 27. Rfd1 {[%emt 0:03:05]} Rfd8 {[%emt 0:00:41]} 28. Kf1 {[%emt 0:00:30]} Kf6 {[%emt 0:04:25]} 29. Bc7 {[%emt 0:02:10]} R8d7 {[%emt 0:00:18]} 30. Bb8 {[%emt 0:01:38]} Ke6 {[%emt 0:06:18]} 31. Re1+ {[%emt 0:00:45]} Kf6 {[%emt 0:01:25]} 32. Re4 {[%emt 0:01:04]} Bc5 {[%emt 0:01:53]} 33. hxg5+ {[%emt 0:00:54]} hxg5 {[%emt 0:00:27]} 34. Rf3+ {[%emt 0:00:34]} Kg7 {[%emt 0:02:02]} 35. Be5+ {[%emt 0:00:51]} Kg6 {[%emt 0:06:22]} 36. g4 {[%emt 0:00:47]} Rd1+ {[%emt 0:00:59]} 37. Kg2 {[%emt 0:00:38]} R1d2 {[%emt 0:01:27]} 38. Bc3 {[%emt 0:01:39]} R2d3 39. Rf6+ {[%emt 0:01:04]} Kh7 {[%emt 0:01:41]} 40. Be5 {[%emt 0:00:00]} Rd1 {[%emt 0:00:00]} 41. Rf5 {[%emt 0:06:48]} R7d2 {[%emt 0:21:57]} 42. Bc3 {[%emt 0:04:36]} Rd5 {[%emt 0:02:45]} 43. Rf7+ {[%emt 0:01:02]} Kg8 {[%emt 0:00:13]} 44. Rg7+ {[%emt 0:01:40]} Kf8 {[%emt 0:00:05]} 45. Rxb7 {[%emt 0:00:21]} Rd7 {[%emt 0:00:36]} 46. Rb5 {[%emt 0:00:12]} R1d5 {[%emt 0:01:08]} 47. Rxc5 {[%emt 0:00:19]} 1-0